Dla jakiego kraju grają/grali? #1 - Statystyki

Ogólne statystyki
  • Ten quiz został rozwiązany 622 razy
  • Średni wynik to 27 z 30
Statystyki odpowiedzi
Imie i nazwisko Kraj % Poprawnych
Lionel Messi Argentyna
100%
Neymar Brazylia
100%
Cristiano Ronaldo Portugalia
100%
Kazimierz Deyna Polska
99%
Shinji Kagawa Japonia
96%
Frank Lampard Anglia
94%
Oliver Kahn Niemcy
93%
Marek Hamšík Słowacja
93%
Kaká Brazylia
92%
Dimitri Payet Francja
92%
Diego Costa Hiszpania
92%
Son Heung-min Korea Południowa
92%
Diego Godín Urugwaj
91%
Frank Rijkaard Holandia
89%
Gennaro Gattuso Włochy
89%
Rio Ferdinand Anglia
88%
Patrick Kluivert Holandia
88%
Michael Ballack Niemcy
87%
Andriej Arszawin Rosja
87%
Marko Arnautović Austria
86%
Claudio Bravo Chile
86%
Didier Drogba Wybrzeże Kości Słoniowej
86%
Pierre-Emerick Aubameyang Gabon
85%
Riyad Mahrez Algieria
84%
Samuel Eto’o Kamerun
82%
Nélson Semedo Portugalia
78%
Aleksandar Kolarov Serbia
78%
George Best Irlandia Połnocna
77%
Ferenc Puskás Węgry
77%
Kevin-Prince Boateng Ghana
74%
Nie znaleziono quizów pasujących do podanych kryteriów
Rozkład punktacji
Procent ludzi z każdym wynikiem
Percentyl według liczby udzielonych odpowiedzi
Twoja historia wyników
Nie rozwiązałeś tego quizu